|
|
|
|
| LEADER |
01368nam a2200361Ia 4500 |
| 001 |
EBC647744 |
| 003 |
MiAaPQ |
| 005 |
20200520144314.0 |
| 006 |
m o d | |
| 007 |
cr cn||||||||| |
| 008 |
761014s2010 enka sb 000 0 eng d |
| 020 |
|
|
|z 9780857248237
|
| 020 |
|
|
|z 9780857248244
|
| 035 |
|
|
|a (MiAaPQ)EBC647744
|
| 035 |
|
|
|a (Au-PeEL)EBL647744
|
| 035 |
|
|
|a (CaPaEBR)ebr10440349
|
| 035 |
|
|
|a (CaONFJC)MIL298751
|
| 035 |
|
|
|a (OCoLC)700706484
|
| 040 |
|
|
|a MiAaPQ
|c MiAaPQ
|d MiAaPQ
|
| 050 |
|
4 |
|a Z678
|b .L475318 2010
|
| 245 |
0 |
0 |
|a Library management
|h [electronic resource] :
|n Volume 31, Number 8/9,
|p Academic librarian :
|b singing in the rain ; part 1 /
|c editor, Stephen O'Connor.
|
| 260 |
|
|
|a [Bingley, UK] :
|b Emerald,
|c 2010.
|
| 300 |
|
|
|a p. 564-719 :
|b ill.
|
| 490 |
1 |
|
|a Library management ;
|v vol. 31, no. 8/9
|
| 504 |
|
|
|a Includes bibliographical references.
|
| 533 |
|
|
|a Electronic reproduction. Ann Arbor, MI : ProQuest, 2015. Available via World Wide Web. Access may be limited to ProQuest affiliated libraries.
|
| 650 |
|
0 |
|a Academic librarians.
|
| 650 |
|
0 |
|a Reference librarians.
|
| 655 |
|
4 |
|a Electronic books.
|
| 700 |
1 |
|
|a O'Connor, Stephen.
|
| 710 |
2 |
|
|a ProQuest (Firm)
|
| 830 |
|
0 |
|a Library management ;
|v v. 31, no. 8/9.
|
| 856 |
4 |
0 |
|u https://ebookcentral.proquest.com/lib/matrademy/detail.action?docID=647744
|z Click to View
|